| 000 | 00645nam a22002057a 4500 | ||
|---|---|---|---|
| 003 | URS | ||
| 005 | 20220114171658.0 | ||
| 008 | 170328b xxu||||| |||| 00| 0 eng d | ||
| 020 | _a0072466138 | ||
| 050 |
_aHF5635 _bS7838 2004 |
||
| 100 |
_aSpiceland, J. David _4author |
||
| 245 |
_aIntermediate accounting _cJ. David Spiceland, James F. Sepe, Lawrence A. Tomassini |
||
| 250 | _aThird Edition | ||
| 260 |
_aBoston: _bMcGraw-Hill, _c2004 |
||
| 300 |
_aVarious pages; _c28 cm. |
||
| 504 | _aIncludes bibliographical references and index. | ||
| 700 |
_4author _aSepe, James F. |
||
| 700 |
_4author _aTomassini, Lawrence A. |
||
| 942 |
_cFR _2lcc |
||
| 999 |
_c14470 _d14470 |
||